000 00702nam a2200205Ia 4500
003 GCL
008 140319s9999 xx 000 0 ara d
040 _aGCL /
_cGCL
082 0 4 _a211.5
_bا ا
100 1 _aالسيد احمد فرج
245 1 0 _aالاسرة فى ضوء الكتاب والسنة /
_cالسيد احمد فرج
260 _a[S.N] :
_bدار الوفاء للطباعة والنشر والتوزيع ،
_c1987
300 _a215 ص ؛
_c24 سم
490 _a
650 0 4 _aالاسرة
650 0 4 _aالاسلام والاصلاح الاجتماعى
650 0 4 _aالاسرة فى الاسلام
650 0 4 _aالاسرة الحياة الدينية
942 _2ddc
_cBK
999 _c28847
_d28847